[Event "Match 82__120'/40"]
[Site "Zürich"]
[Date "2025.??.??"]
[Round "25"]
[White "Scorpio 68000 sel. 4"]
[Black "Mephisto Explorer Pro"]
[Result "1/2-1/2"]
[Annotator "12,5-12,5 Ausgleich"]
[WhiteElo "2043"]
[BlackElo "2016"]
[WhiteFideId "-1"]
[BlackFideId "-1"]
[PlyCount "120"]
[GameId "543778095129"]
[EventDate "2025.10.05"]
[EventType "match"]
[EventRounds "50"]

{[%evp 0,120,12,22,25,12,18,9,19,28,32767,22,38,35,37,22,30,32,32767,32767,50,41,55,56,61,-9,-24,32767,32767,0,-27,-80,-62,-43,-33,-64,-37,32767,-15,-124,-89,-175,-193,-215,-196,32767,32767,-230,-223,-330,-316,-292,-284,-346,32767,32767,-326,-352,-360,-330,-325,-314,-340,-388,32767,-407,-392,-420,-321,-375,-324,-304,32767,32767,-320,-343,-47,-14,-1,1,-1,32767,32767,-37,-37,-16,-47,-69,-51,-78,32767,1,8,-19,1,1,1,1,32767,7,-1,1,1,1,32767,32767,32767,2,13,19,1,-1,1,1,32767,-1,1,1,-1,-1,10,1,-1]} 1. e4 c5 {Match Nr. 82 mit 120'/40 | Bediener: Rolf Bühler | Kommentator: Kurt Utzinger | 25. Partie: Remis | Zwischenstand: 12,5-12,5 Ausgleich | Stand hypothetisch: 15-10 für Mephisto Explorer Pro 6 (102) | Eröffnung: Sizilianisch, Richter/Rauser Angriff | Buchzüge 11 (138) von Scorpio und 8 (110) von Mephisto Explorer Pro | Partieverlauf: Wie schon in manchen Partien, gelingt es dem Programm von Frans Morsch, seinen Gegner zu überspielen. Aber trotz zwei gesunden Mehrbauern für Schwarz, wird es fast wundersam noch Remis. Kritische Phasen habe ich mit MessChess untersucht, um das Verständnis der Leser für die oftmals unverständlichen Fehler zu wecken.} 2. Nf3 d6 3. d4 cxd4 4. Nxd4 Nf6 5. Nc3 Nc6 6. Bg5 e6 7. Qd2 Be7 8. O-O-O O-O $14 {***ENDE BUCH***} 9. Nb3 a5 10. a4 d5 11. Bb5 $16 {***ENDE BUCH***} (11. exd5 Nxd5 12. Bxe7 Ncxe7 $11) 11... dxe4 12. Qe1 $11 {Es steht ausgeglichen. Wahrscheinlich war 12.Dxd8 stärker.} (12. Qxd8 $16 Bxd8 13. Rhe1 (13. Bxf6 Bxf6 14. Nxe4 $14) 13... Na7 14. Bc4 h6 15. Bxf6 gxf6 16. Nxe4 f5 17. Nd6 Bc7 18. g3 b6 $2 19. Nxf5 exf5 20. Bd5 Be6 21. Bxa8 Rxa8 22. Nd4 Bd5 23. Re7 Rc8 24. Nb5 {1-0 Tal,M (2565)-Kortschnoj,V (2630) Candidates Tournament Montpellier 1985 (8)}) 12... Qc7 $11 13. Bxf6 Bxf6 14. Nxe4 Be7 15. Qe2 $15 (15. Qc3 $11) 15... b6 16. Nd4 Bb7 17. Nxc6 Bxc6 18. Bxc6 (18. f3 $11) 18... Qxc6 $17 {[#]} 19. Nc3 $4 $19 {[%mdl 32768] ***VERLUSTZUG***} (19. Rd4 $17 {ist der einzige Weg für Weiss.}) 19... Bf6 (19... Qxg2 $19 {ist deutlich stärker und gefahrlos möglich. Denn da Weiss keinen dunkelfarbigen Läufer hat, Schwarz aber schon, bringt er auf der offenen g-Linie keinen Angriff zustande.}) 20. Nb5 (20. Ne4 {bietet mehr Widerstand} Be5 21. Kb1 Qxa4 $17) 20... Qxg2 $19 21. Nd6 Rfd8 22. Ne4 Be5 23. h4 Rd4 {Ablenkung} 24. Rxd4 (24. Rde1 {ist eine bessere Verteidigung.}) 24... Qxh1+ 25. Rd1 Qxh4 {Die Lage ist für Weiss bereits hoffnungslos.} 26. Kb1 Rd8 27. Rxd8+ Qxd8 {Endspiel KDL-KDS. Schwarz hat zwei Bauern mehr.} 28. Nd2 Qc7 29. c3 Kf8 30. Kc2 g6 31. Qb5 Bd4 32. Qe2 h5 33. Qf3 Ke7 34. Ne4 f5 35. Ng5 Bg7 36. Qe3 e5 {Weiss ist hilflos und kann nur zuschauen, wie der Gegner dauernd seine Stellung verstärkt.} 37. Nh3 $19 {[#]} Kd6 $2 $11 {Ein hirnverbrannter Zug, der den Gewinn wegwirft. Dafür ist die mangelnde Rechentiefe und der Umstand verantwortlich, dass der Mephisto Explorer Pro viel zu lange die Antwort 38.Dg5! = nicht berücksichtigt und 38.b3 als Bestzug sieht. Auf höheren Suchtiefen wird dann 37...Kf6? bevorzugt, was nach 38.f4! aber ebenfalls verlieren würde.} 38. Qg5 $11 {Mit einer Bewertung von nur noch -00.99 hat der Scorpio 68000 sel. 4 den richtigen Riecher, wenn auch noch nicht den völligen Durchblick.} Qf7 (38... Qd7 39. Qxg6+ Kc5 40. Qxh5) 39. Qd8+ Kc6 {Droht stark ...Df8.} 40. Qc8+ Qc7 41. Qe6+ Kb7 42. Qxg6 Qd7 43. Kc1 {Die Bewertung von Scorpio ist auf -00.67 gesunken.} h4 44. Qg5 Kc7 45. Qxh4 {Materiell herrscht wieder Gleichstand, aber auch sonst ist die Stellung ausgeglichen.} Kc6 46. Qc4+ Kd6 47. Ng5 Bh6 (47... e4 $11) ({oder} 47... Bf6 $11 {kamen ebenfalls in Betracht.}) 48. f4 $1 {Schliesst die Diagonael c7-h6 und droht durch Sf7+ gefolgt von Sxh6 eine Figur zu erobern. Nun hat Schwarz nur einen Zug, der die Stellung hält.} {[#]} Bxg5 $4 $18 {[%mdl 2] Das ***VERLIERT***, weil offenbar beide Programme nach 48...Lxg5? den möglichen Übergang in ein für Schwarz verlorenes Bauernendspiel durch den Zwischenzug 49.Dd3+ weder erwägen noch erkennen können. Einzig 48...Lg7! sichert den Ausgleich. Selbst nach 22 Min. bei Suchtiefe 8-2 und einer Bewertung von -0.2 ist der Saitek GK 2100, Original des Explorer Pro, nicht von diesem Verlustzug abzubringen.} (48... Bg7 $1 49. Nf7+ Ke7 50. Nxe5 Bxe5 51. fxe5 Qe6 52. Qxe6+ Kxe6 53. b4 Kxe5 54. Kd2 ({oder} 54. bxa5 bxa5 55. Kd2 Kd5 56. Kd3 Kc5 57. c4 $8 f4 58. Ke4 Kxc4 59. Kxf4 Kb4 60. Ke3 $8 Kxa4 61. Kd2 Kb3 62. Kc1 $11) 54... f4 55. Kd3 Kd5 56. c4+ Ke5 57. bxa5 bxa5 58. c5 Kd5 59. c6 Kxc6 60. Ke4 Kc5 61. Kxf4 Kb4 62. Ke3 Kxa4 63. Kd2 Kb3 64. Kc1 $11) 49. fxg5 $2 $11 {Der Scorpio 68000 sel. 4 packt die unerhofft aufgetauchte Chance auf einen Sieg nicht. Der Scorpio 68000 sel. 4 sieht selbst nach 9 Min. keine bessere Fortsetzung und bewertet 40.fxg5 mit -00.44 bei Suchtiefe d09 24-25.} (49. Qd3+ $1 $18 Ke7 50. Qxd7+ Kxd7 51. fxg5 {Um wieder einmal auf die die äusserst beschränkte Rechenkapazität unserer Oldies hinzuweisen Folgendes: In dieser Stellung sieht sich der Saitek GK 2100 nach 2 Std. 30 MIn. bei Suchtiefe 13-3 mit - 1.1 negativ!! Meine Engine ist in 10 Sek. auf Tiefe 53 mit Bewertung von +- (199.78) (100% +100% =0% -0%).} f4 52. b4 e4 53. g6 Ke6 54. bxa5 bxa5 55. c4 $18 {und gewinnt. Denn Schwarz vermag die drei Linien auseinander liegenden weissen Freibauern nicht aufzuhalten. Umgekehrt hat der weisse König die gegnerischen Freibauern problemlos im Griff.}) {[#]} 49... Qe6 $4 $18 {[%mdl 2] ***VERLIERT*** auf einen Schlag wieder, bzw. sollte verlieren.} ({richtig} 49... Ke7 $1 $11) ({oder} 49... Qe7 $11) 50. Qa6 $2 $11 {Erneut vergibt Weiss den möglichen Sieg durch Damentausch im Bauernendspiel.} (50. Qxe6+ $1 $18 Kxe6 51. b4 {mit leichtem Gewinn.}) 50... Kc7 {Die Stellung ist ausgeglichen.} 51. Qa7+ Kc6 52. Qh7 {Nun ist der weisse g-Bauern plötzlich eine riesige Macht. Schwarz hat nur eine einzige Verteidigung.} f4 $1 $11 {Richtig, aber wohl zufällig gespielt, ohne sich der Konsequenzen bewusst zu sein.} 53. g6 {Droht g7 und aus.} f3 {Alles andere verliert.} 54. Qf7 Qg4 55. Qf6+ Kb7 56. g7 f2 57. Qf7+ (57. Qxe5 $2 {verliert} f1=Q+ 58. Kd2 Qgd1+ 59. Ke3 Qff3#) 57... Kc6 58. Qf6+ {Hier führen eine Palette von anderen Zügen auch zum Remis.} Kb7 59. Qf7+ ({Nach} 59. Qxe5 $2 {wird Weiss mattgesetzt.} f1=Q+ 60. Kd2 Qgd1+ 61. Ke3 Qff3#) 59... Kc6 60. Qf6+ (60. g8=Q Qxg8 61. Qxf2 $11) 60... Kb7 {***3x REMIS***} 1/2-1/2

[Event "Match 82__120'/40"]
[Site "Zürich"]
[Date "2025.??.??"]
[Round "26"]
[White "Mephisto Explorer Pro"]
[Black "Scorpio 68000 sel. 4"]
[Result "1-0"]
[Annotator "13,5-12,5 for Explorer Pro"]
[WhiteElo "2016"]
[BlackElo "2053"]
[WhiteFideId "-1"]
[BlackFideId "-1"]
[PlyCount "132"]
[GameId "543778095130"]
[EventDate "2025.10.05"]
[EventType "match"]
[EventRounds "50"]

{[%evp 0,128,25,18,65,65,105,105,110,61,65,55,55,35,25,26,33,35,40,39,50,42,59,14,-5,-58,-65,-130,0,18,13,8,12,-1,-10,-8,-1,4,200,229,203,225,295,295,295,266,232,251,301,323,325,325,324,336,324,320,322,333,332,316,324,355,358,343,355,308,340,300,351,348,368,364,412,375,372,380,402,424,438,433,444,466,447,452,457,452,457,450,508,495,568,574,779,732,734,402,464,479,482,470,478,477,478,493,493,483,488,488,526,544,591,613,613,620,694,844,1071,679,1359,1181,1347,1367,1395,1495,1451,1535,1584,1593,1593,1721,2230]} 1. e4 Nf6 {Match Nr. 82 mit 120'/40 | Bediener: Rolf Bühler | Kommentator: Kurt Utzinger | 26. Partie: Weiss (Mephisto Explorer Pro) gewinnt | Zwischenstand: 13,5-12,5 für Mephisto Explorer Pro | Stand hypothetisch: 15-11 für Mephisto Explorer Pro | Eröffnung: Aljechin Verteidigung, Brooklyn Rückzugvariante 2...Sg8 | Buchzüge 1 (140) von Scorpio und 2 (112) von Mephisto Explorer Pro | Partieverlauf: Aus dem grossen Buch entkorkt der Scorpio nach 1.e4 Sf6 2.e5 Sg8?!. Aber Weiss vermag trotzdem keinen Eröffnungsvorteil zu erlangen. Im Gegenteil begeht der Mephisto Explorer mit 13.Lb2? -+ einen entscheidenden taktischen Fehler. Darauf reagiert der Gegner nicht am besten und erobert keinen Bauern. Wenig später ist es der Scorpio 68000 sel. 4, der es mit 18...Te6? +- verpasst, seinen Läufer auf a3 aus der Klemme zu befreien. Das Programm von Frans Morsch erobert den Läufer für einen Bauern und führt die Partie ohne Probleme zum Sieg. Damit übernimmt der Mephisto Explorer Pro in diesem Match das erste Mal die Führung.} 2. e5 $14 {***ENDE BUCH***} Ng8 $6 $16 {***ENDE BUCH*** Stockfish 17.1 Bewertung: +/- (1.02) (76% +52% =48% -0%) Tiefe: 47/75 Dieser seltsame Rückzug wird in Blitzpartien oder gegen schwächere Gegner auch von GMs angewandt, verdient auf jeden Fall keine Empfehlung. Wenn Weiss nach drei Zügen eine Gewinnerwartung von 76% hat, dann stimmt etwas mit dem schwarzen Aufbau nicht. Die erste damit gespielte Partie (s. unten) stammt gemäss ChessBase aus dem Jahre 1897.} 3. Nf3 (3. d4 d6 4. Nf3 Bg4 5. h3 Bh5 6. Bd3 dxe5 7. dxe5 Nc6 8. e6 Qd6 9. exf7+ Bxf7 10. O-O O-O-O 11. Ng5 Nh6 12. Nxf7 Nxf7 13. Qg4+ Kb8 14. Be4 Nfe5 15. Qe2 Nd4 16. Qe1 g5 17. Be3 g4 18. Bxd4 Qxd4 19. Nc3 Bg7 20. hxg4 Nxg4 21. Qe2 h5 22. Rad1 Qf6 23. Rxd8+ Rxd8 24. Qb5 c6 25. Qxh5 Ne5 26. Rd1 Rf8 27. Qe2 Rh8 28. g3 Qg5 29. Bg2 Ng4 30. Ne4 Qh5 31. c3 Rf8 32. Rd3 Bh6 33. b4 Qh2+ 34. Kf1 Qh5 35. a4 Qg6 36. Kg1 Ne5 37. Rd1 Bg7 38. f4 Ng4 39. Nc5 Re8 40. Be4 Qh5 41. Rd7 Kc8 42. Bxc6 {1-0 Walbrodt,C-Cohn,W Berlin SV Centrum 1897 (7)}) 3... d5 4. exd6 exd6 5. Bb5+ {Nach dem Motto "Wenn der Patzer ein Schach sieht ..." gespielt.} c6 6. Be2 Nf6 7. O-O Be7 8. Re1 O-O 9. d4 Re8 10. c4 Bg4 11. b3 d5 12. Nbd2 Bb4 $15 {[#]} 13. Bb2 $4 $19 {[%mdl 32768] ***VERLUSTZUG*** durch taktischen Fehler, der einen Bauern und die Partie verlieren sollte. Dafür verantwortlich ist einmal mehr die mangelnde Rechentiefe. Bewertung: -+ (-2.09) (1% +0% =2% -98%) Tiefe: 60/75, d.h.} Ne4 $6 {Längere Zeit hat das Programm von David Kittinger 13...Lxf3! mit +0.88 als Hauptvariante. Nach rund 6 Min. bei ST d08 wir plötzlich der schwächere Textzug mit einer Bewertung von +00.95 bevorzugt. Die damit verbundenen Varianten sind gar noch tiefer als bei 13...Lxf3!, so dass hier auch der Scorpio 68000 sel. 4 völlig überfordert ist.} (13... Bxf3 14. Bxf3 (14. gxf3 $2 Nh5 $19) 14... Rxe1+ 15. Qxe1 Qa5 16. Rd1 (16. Bc1 Bc3) 16... Qxa2 $17) 14. a3 Nc3 15. Bxc3 Bxc3 16. Rc1 Bb2 17. Rb1 Bxa3 18. b4 $11 {[#]} Re6 $4 $18 {[%mdl 2] ***VERLIERT*** Ein schlimmer Missgriff oder gar PROGRAMMFEHLER? Selbst ein Blinder muss doch erkennen, dass der Läufer auf a3 nach 19.Tb3 oder 19.Db3 kein Rückzugsfeld mehr hat und sich für den Bauern b4 opfern muss. Das Programm von David Kittinger tut sich unglaublich schwer mit dieser Stellung. Zuerst werden 18...Sbd7? und 18...Db6?, dann wieder 18...Sbd7? als erste Züge ausgegeben. Ab Suchtiefe d06 41-43 wird auf 18...Te6? gewechselt mit einer positiven Bewertung von 00.80. Daran wird 7m30s lang festgehalten, bis dann bei Suchtiefe d08 41-43 die negative Bewertung -01.21 auftaucht. Nun würde man meinen, dass schnell einer der beiden richtigen Fortsetzungen 18...a5 oder 18...Sa6 zur Hauptvariante erkoren wird. Nix da, denn das Programm braucht sage und schreibe 21m45s, bis auf den Zwischenzug 18...Lxf3, d08 37-43, 00.35 umgeschaltet wird mit folgender völlig verfehlten Variante:} ({Variante Scorpio 68000 sel. 4 nach 21m45s:} 18... Bxf3 $2 19. Nxf3 Na6 20. cxd5 $2 (20. c5 $1 $16) 20... Qxd5 $2 (20... Bxb4 $14) 21. Qa4 $2 (21. Ne5 $1 $18) 21... Bxb4 $11 {Erstaunlicherweise lassen sich mit anderen selektiven Einstellungen (2, 3, 5) keine besseren Resultate erzielen. Das Kittinger Programm würde also auf Turnierstufe stets den gleichen Verlustzug ausspielen.}) (18... a5 19. bxa5 $11) 19. Rb3 Bxb4 20. Rxb4 dxc4 21. Rxb7 c3 22. Nb3 Nd7 23. Qc1 ({oder} 23. Rxd7 Qxd7 24. Nc5 Qd6 25. Nxe6 Bxe6 26. Qc2 $18) 23... c2 24. Bc4 Rxe1+ 25. Nxe1 Qc8 26. Na5 Rb8 27. Rxb8 Qxb8 28. Nxc2 {[#] Damit ist die Partie zugunsten von Weiss entschieden. Zwar wehrt sich Scorpio 68000 sel. 4 mit Händen und Füssen gegen die Niederlage. Allerdings räumt ihm der Mephisto Explorer Pro nicht den Hauch einer Gegenchance ein.} Qb6 29. Nb3 Nf6 30. Ne3 Qc7 31. Qc3 Bc8 32. Bd5 Bd7 33. Na5 Qb6 34. Bxc6 Qb1+ 35. Nf1 Be6 36. Bf3 h6 37. Nc6 Qb6 38. h3 Bd7 39. d5 a6 40. Ne3 Qb5 41. Ne5 Qb1+ 42. Kh2 Qb8 43. g3 Bb5 44. Nf5 Qb6 45. Kg2 Bf1+ 46. Kxf1 Qb1+ 47. Ke2 Qxf5 48. g4 Qb1 49. Qc8+ Kh7 50. Nxf7 Qb5+ 51. Kd2 Qb4+ 52. Kd3 Qb3+ 53. Qc3 Qb7 54. Nd6 Qb6 55. Be4+ Nxe4 56. Nxe4 Kg8 57. d6 Qb7 58. Kd4 Kh8 59. Nc5 Qf7 60. d7 Qf6+ 61. Kc4 Qf7+ 62. Kb4 Qf4+ 63. Ka3 Qg5 64. Qd4 Qc1+ 65. Ka4 Qc2+ 66. Ka5 Kh7 {***AUFGEGEBEN***} 1-0